00528nam a22001812 4500001001100000005001700011008004100028020001700069040001500086100003200101245005600133250001300189260003400202300001500236650005700251650003500308852000300343000001322520151217154417.0090706s xx 000 0 eng d a0521787246 : aKABUcKABU1 aMcCarthy, Anne.@000017037910aMethods of analysis and detection /cAnne McCarthy. a1st ed. aCambridge :bC. U. P.,c2001. aiv, 60 p. 0aSpectrum analysis (Analytical chemistry)@0000154135 0aSpectrum analysis.@00001539171